01107nam a2200277 a 4500001001200000003000800012006001900020007001500039008004100054020002900095020003000124040002100154035002100175050002400196100002600220245013400246260003500380300001100415504005100426533015200477650001100629655002900640710001700669856012600686999001700812ebr10254917CaPaEBRm u cr cn|||||||||090430s2007 enk sb 001 0 eng d z9781845114138 (hardback) z9781845114145 (paperback) aCaPaEBRcCaPaEBR a(OCoLC)29866784614aBL65.C8bL96 2007eb1 aLynch, Gordon,d1968-14aThe new spiritualityh[electronic resource] :ban introduction to progressive belief in the twenty-first century /cGordon Lynch. aLondon :bI.B. Tauris,cc2007. a218 p. aIncludes bibliographical references and index. aElectronic reproduction.bPalo Alto, Calif. :cebrary,d2013.nAvailable via World Wide Web.nAccess may be limited to ebrary affiliated libraries. 0aCults. 7aElectronic books.2local2 aebrary, Inc.40uhttp://site.ebrary.com/lib/rucke/Doc?id=10254917zAn electronic book accessible through the World Wide Web; click to view c14679d14679